| 000 | 00454nam a2200157 4500 | ||
|---|---|---|---|
| 001 | 117121 | ||
| 003 | ES-MaACL | ||
| 005 | 20230906190831.0 | ||
| 007 | t| | ||
| 008 | 071121s1930 sp r ||||1| spa d | ||
| 100 | 1 |
_aPeña, José de la. _990227 |
|
| 245 | 1 | 0 |
_aLegislación sanitaria vigente de medicina / _cJosé de la Peña. |
| 260 |
_aAvila : _b[s.n.], _c1930 ( _fTip. de Senén Martín) |
||
| 300 |
_a778 p. ; _c22 cm. |
||
| 852 |
_aES-MaACL _jF-4298 |
||
| 999 |
_c117121 _d117121 |
||